logo

Bir Sreshtho Munshi Abdur Rouf Library
Jhenaidah Cadet College

বায়ানুল বাকী / (Record no. 6926)

MARC details
000 -LEADER
fixed length control field 00703nam a2200217 a 4500
001 - CONTROL NUMBER
JCCL Control Number 6926
003 - CONTROL NUMBER IDENTIFIER
JCCL marc code BD-JhCC
005 - DATE AND TIME OF LATEST TRANSACTION
control field 20180422090853.0
008 - FIXED-LENGTH DATA ELEMENTS--GENERAL INFORMATION
fixed length control field 170930s1991 bg |||| ||a| 000 0 ben d
035 ## - SYSTEM CONTROL NUMBER
system control number (BD-JhCC)6926
040 ## - CATALOGING SOURCE
Original cataloging agency BD-JhCC
Modifying agency BD-JhCC
041 ## - LANGUAGE CODE
Language code of Book ben
082 ## - DEWEY DECIMAL CLASSIFICATION NUMBER
Classification number 297.18
Author mark and Year RAS 1991
100 ## - MAIN ENTRY--PERSONAL NAME
Personal name রশীদ, মোহাম্মদ মামুনুর
245 ## - TITLE STATEMENT
Title বায়ানুল বাকী /
Statement of responsibility, etc মোহাম্মদ মামুনুর রশীদ
260 ## - PUBLICATION, DISTRIBUTION, ETC. (IMPRINT)
Place of publication, distribution, etc ঢাকা :
Name of publisher, distributor, etc সেরহিন্দ প্রকাশন ;
Date of publication, distribution, etc 1991.
300 ## - PHYSICAL DESCRIPTION
Pagination 80 p. :
Dimensions 22 cm.
650 ## - SUBJECT ADDED ENTRY--TOPICAL TERM
Topical term or geographic name as entry element The Prophet Muhmmad (SM)
942 ## - ADDED ENTRY ELEMENTS (KOHA)
Source of classification or shelving scheme Dewey Decimal Classification
Koha item type Books
Holdings
Source of classification or shelving scheme Damaged status Not for loan Home library Current library Shelving location Date of accession Cost, normal purchase price Total Checkouts Full call number Barcode Date last seen Copy number Koha item type
Dewey Decimal Classification     JCC Rouf Library JCC Rouf Library General Stacks 02/01/2018 30.00   297.18 RAS 1991 9498 02/01/2018 C-1 Books

JCC Library | Contacts | JCC Home

Last Update on 23 September 2017
Copyright @ 2017-2020 JCC Rouf Library
Rouf Library, Jhenidah Cadet College (JCC), Bangladesh